00395nam a2200097Ia 45000010005000000080041000050820024000461000098000702450112001682600017002803710241024s9999 xx 000 0 und d aRD/796.4/R426i/2012 aRepública Dominicana.Ministerio de Educación. Instituto Nacional de Educación Física. 0aInforme a la ministra Josefina Pimentel, Hallazgo y acciones de los primeros 21 días. Gestión 2012-2016 bMINERDc2012